Bibliography of Folk Literature (Record no. 321597)

000 -LEADER
fixed length control field 00320 a2200133 4500
001 - CONTROL NUMBER
control field 86524
003 - CONTROL NUMBER IDENTIFIER
control field NUST
005 - DATE AND TIME OF LATEST TRANSACTION
control field 20180123094655.0
008 - FIXED-LENGTH DATA ELEMENTS--GENERAL INFORMATION
fixed length control field 180123b xxu||||| |||| 00| 0 eng d
082 ## - DEWEY DECIMAL CLASSIFICATION NUMBER
Classification number 398.2 ALI
100 ## - MAIN ENTRY--PERSONAL NAME
Personal name Ali Iqbal Jatoi
9 (RLIN) 9546
245 ## - TITLE STATEMENT
Title Bibliography of Folk Literature
Medium English
260 ## - PUBLICATION, DISTRIBUTION, ETC.
Place of publication, distribution, etc. Islamabad
Name of publisher, distributor, etc. Lok Virsa
Date of publication, distribution, etc. 1980
300 ## - PHYSICAL DESCRIPTION
Extent 160p.
500 ## - GENERAL NOTE
General note Lok Virsa
942 ## - ADDED ENTRY ELEMENTS (KOHA)
Institution code [OBSOLETE] CAENUST
Koha item type Book
Call number prefix 398.2 ALI
Source of classification or shelving scheme
Holdings
Withdrawn status Lost status Damaged status Not for loan Collection code Permanent Location Current Location Date acquired Total Checkouts Full call number Barcode Date last seen Price effective from Koha item type
          College of Aeronautical Engineering (CAE) College of Aeronautical Engineering (CAE) 04/03/2017   398.2 ALI CAE85463 04/05/2017 04/05/2017 Book
© 2023 Central Library, National University of Sciences and Technology. All Rights Reserved.